000 00990nam0a2200289 4500
001 RU\NLR\bibl\1757886
005 20260406153918.0
010 _a978-5-699-48121-7
_93100
021 _aRU
_b2011-21449
_9141д/11
035 _a(NLR Aleph) 001748713
090 _a1505182
_c1505182
100 _a20110412d2011 |||y0rusy50 ca
101 1 _arus
_ceng
102 _aRU
105 _ay |||||||||
200 1 _a...И ад следовал за ним
_e[роман]
_fСтивен Хантер
_g[пер. с англ. С. Саксина]
210 _aМосква
_cЭксмо
_aСанкт-Петербург
_cДомино
_d2011
215 _a653, [2] с.
_d22
225 1 _aМастера Детектива
686 _aШ6(7США)67-446{Лх1979-60}
700 1 _4070
_7ca
_8rus
_aХантер
_bС.
_f1946-
_gСтивен
_3RU\NLR\AUTH\776629
_9116579
801 0 _aRU
_bNLR
_c20110412
_gRCR
801 1 _aRU
_bNLR
_c20110412
942 _cBOOK
980 _aNB
980 _aNBR